| 000 | 00432nam a2200169 a 4500 | ||
|---|---|---|---|
| 005 | 20140310183147.0 | ||
| 008 | 020826s19uu xx 00 eng d | ||
| 020 | _a0553286218 | ||
| 050 |
_aPZ 7 _b.J72 1990 |
||
| 100 | _aJohnston, Terry. | ||
| 245 |
_aLong winter gone / _cTerry C. Johnston. |
||
| 260 |
_aUSA : _bBantam Books, _c1990. |
||
| 300 |
_a452 p. : _c18 cm. |
||
| 650 | _aFiction | ||
| 942 |
_cBK _2lcc |
||
| 999 |
_c19566 _d19566 |
||